000 00857nam a2200217Ia 4500
003 IN-BaIIA
008 211028s9999 xx 000 0 eng d
040 _cIIA Library
080 _a063.53
_bENF-41
111 _aConference of International School of Physics "Enrico Fermi"
_cItaly
_d1967 July 17-29
_95598
245 0 _aSelected topics in particle physics
_bproceedings of the International School of Physics "Enrico Fermi" Verenna on Lake Como, Villa Monastero, 17th-29th July 1967
_cedited by Steinberger J.
260 _aNew York
_bAcademic Press
_c1968
300 _avii,194p.
490 _aInternational school of physics "Enrico Fermi" course v. 41
650 _aNASA Thesaurus
650 _aNuclear Physics
_91527
650 _aParticle Physics
_91847
700 _aSteinberger, J., ed.
_95599
710 _aItalian Physical Society
942 _cBK
999 _c3155
_d3155